Score 0/20 Timer 02:00
0 Plays Today
Clue 4-Letter Word % Correct
RelocateMOVE
95.9%
The 'scenter' of your faceNOSE
95.8%
In this placeHERE
95.2%
Greater thanMORE
95%
∅ Nothing, in tennis ∅LOVE
94.7%
'Ferris Bueller, you're my ___.'HERO
94.5%
Be deprived of, suffer defeatLOSE
94.2%
∅ Not a one ∅NONE
93.2%
'A ___ formality'MERE
92.1%
∅ Null ∅ZERO
92%
Clue 4-Letter Word % Correct
Chip's cartoon counterpartDALE
79.4%
∅ Nothing, in Spanish ∅NADA
77%
∅ Zero ∅NULL
72.3%
Seaside scavengerGULL
70.1%
Dorothy's last nameGALE
70.1%
As a prefix, it means nineNONA
68.8%
The Darlings' dog, or a Zola novelNANA
65.8%
Impudent behaviorGALL
64.5%
Duchamp's movementDADA
52.8%
Swedish wooden horseDALA
51.1%

Today's Daily Dose

Remove Ads.
Support Sporcle.
Get the best of Sporcle when you Go Orange. This ad-free experience offers more features, more stats, and more fun while also helping to support Sporcle. Thank you for becoming a member.

You're not logged in!

Compare scores with friends on all Sporcle quizzes.
OR
Log In

Show Comments

Extras

Top Quizzes Today


Score Distribution

Your Account Isn't Verified!

In order to create a playlist on Sporcle, you need to verify the email address you used during registration. Go to your Sporcle Settings to finish the process.

Report this User

Report this user for behavior that violates our Community Guidelines.

Details: